000 00505nab a2200145Ia 4500
003 ES-SlBCS
005 20210601134321.0
008 140529s1980-1981xu||||| |||| 00| 0 spa d
041 _aspa
100 1 _aHaney, Gerhard
_9216708
245 0 0 _aFormación jurídica y formación de los juristas en la República Democrática Alemana
_c Gerhard Haney
650 0 4 _aFormación Jurídica
_9216709
773 0 _tAnales de la Catedra Francisco Suarez
_gnº. 20-21, 1980-1981, págs. 135-158
_wRev1020
942 _cAR
999 _c610860
_d610860